Statistics for Famous Football Players

Click here to take the quiz!

General Stats

  • This quiz has been taken 35 times
  • The average score is 9 of 10

Answer Stats

HintAnswer% Correct
37 year old Portuguese football player.Christiano Ronaldo
100%
23 year old French football player.Kylian Mbappe
97%
35 year old Argentinian football player.Lionel Messi
97%
37 year old Croatian football player.Luka Modric
97%
30 year old Egyptian football player.Mohhamed Salah
97%
30 year old Brazilian football player.Neymar Jr.
97%
22 year old Norwegian football player.Erling Haaland
94%
40 year old Swedish football player.Zlatan Ibrahimovic
94%
34 year old French football player.Karim Benzema
76%
22 year old English football player.Phil Foden
71%

Score Distribution

Percentile by Number Answered

Percent of People with Each Score

Your Score History

You have not taken this quiz